000 00338nam a2200133Ia 4500
005 20260326100048.0
008 260326s9999||||xx |||||||||||||| ||und||
100 _aButler, Marianne
245 0 _aLondon Architecture /
_cMarianne Butler
260 _bMetro Publications
300 _a307 p.
650 _aARQUITECTURA REGIONAL
942 _cBK
999 _c7276
_d7276